000 00900nas a2200277 4500
001 BR9802294
003 BR-BrBNA
005 20231205101016.0
007 ta
008 230509b bl.|||p| |||| 00| 00por d
040 _aBR-BrBNA
_bpor
_cBiblioteca Nacional de Agricultura
041 _a(Pt)
072 _aL73; L70
100 1 _aBittencourt, V.R.E.P.
100 1 _aMassard, C.L.
100 1 _aMassard, C. de A.
245 1 _aAspectos epidemiologicos da babesiose equina na microrregiao fluminense do Grande Rio - Itaguai, Estado do Rio de Janeiro
650 _aEquino
650 _aBabesiose
650 _aEpidemiologia
650 _aAnalise de Laboratorio
650 _aRio de Janeiro
773 0 _tRevista Brasileira de Ciencia Veterinaria (Brazil)
_xISSN 1413-0130
_g(Jan-Apr 1997), v. 14(1) p. 13-17
_wBR9802294
909 _a202311
_bLúcia
_c55
_dLúcia Elande
942 _2AGRIS
_n0
_cANA
999 _c159270
_d159270